| 000 | 00704nam a2200217 a 4500 | ||
|---|---|---|---|
| 005 | 20210219153253.0 | ||
| 008 | 991125n 000 0 u | ||
| 035 | _aUPN01000087693 | ||
| 222 | _aEL MAESTRO | ||
| 245 | _aMensaje del secretario de educación pública de México al inaugurar la exposición del libro y del arte popular mexicanos : primer acto de las jornadas mexicanas de intercambio cultural en Varsovia, Polonia el 23 de julio de 1970 | ||
| 300 | _a14-16 | ||
| 362 | _a1970 No. 23, ago. | ||
| 653 | 0 | _aARTE POPULAR | |
| 653 | 0 | _aFERIAS DE LIBROS | |
| 653 | 0 | _aMEXICO | |
| 653 | 0 | _aLIBROS | |
| 653 | 0 | _aSEP | |
| 653 | 0 | _aVARSOVIA | |
| 904 |
_aAC _b025504 |
||
| 905 | _aArticulo | ||
| 999 |
_c72662 _d72662 |
||